[Event "RACC ch"]
[Site "Ottawa CAN"]
[Date "2005.02.17"]
[Round "7"]
[White "Sadeghi, Saeid"]
[Black "Pacey, Kevin"]
[Result "0-1"]
[WhiteElo "1862"]
[BlackElo "2257"]
[PlyCount "109"]
[GameId "2160767911031732"]
[EventDate "2005.01.06"]
[EventType "swiss"]
[EventRounds "7"]
[EventCountry "CAN"]

1. d4 d5 2. c4 e6 3. Nc3 c5 4. cxd5 exd5 5. Nf3 Nc6 6. g3 Nf6 7. Bg2 Be7 8. O-O O-O 9. Bg5 cxd4 10. Nxd4 h6 11. Bf4 Bg4 12. Qa4 Qb6 13. Be3 Bc5 14. Nxc6 bxc6 15. Bxc5 Qxc5 16. Rac1 Qb6 17. Qc2 Rac8 18. e3 Nh7 19. h3 Bh5 20. Ne2 Ng5 21. Nf4 Bf3 22. Bxf3 Nxf3+ 23. Kg2 Ng5 24. Rfd1 Ne4 25. b3 Rfe8 26. Qd3 Nf6 27. Qf5 Qb7 28. Rc2 Rcd8 29. Kh2 Rd6 30. Ne2 Ne4 31. Nf4 Rf6 32. Qg4 Kh8 33. Kg1 Rg8 34. Rdc1 Qb6 35. Kg2 Re8 36. Qd7 Rd8 37. Qg4 Qb7 38. Nd3 Qa6 39. a4 Qxd3 40. b4 Qa6 41. b5 cxb5 42. axb5 Qe6 43. Qd1 Ng5 44. Qg4 Qxg4 45. hxg4 Rb6 46. Rc7 Rxb5 47. Rxa7 Rb2 48. Rcc7 d4 49. exd4 Rxd4 50. Rd7 Rxd7 51. Rxd7 f6 52. Rd5 Ne4 53. Rf5 Kg8 54. Rf4 Ng5 55. Kg1 0-1

[Event "Rethink the Cool Flex"]
[Site "Vancouver CAN"]
[Date "2005.07.15"]
[Round "3"]
[White "Kerry, James"]
[Black "Kostin, Andrey"]
[Result "1-0"]
[WhiteElo "1954"]
[BlackElo "1922"]
[PlyCount "103"]
[GameId "2160767910967838"]
[EventDate "2005.07.01"]
[EventType "tourn"]
[EventRounds "8"]
[EventCountry "CAN"]

1. d4 d5 2. c4 e6 3. Nc3 Nf6 4. Bg5 c6 5. e3 dxc4 6. Bxc4 b5 7. Bd3 a6 8. Nf3 c5 9. O-O Nbd7 10. d5 h6 11. dxe6 hxg5 12. Nxg5 Ne5 13. exf7+ Ke7 14. Be4 Qxd1 15. Rfxd1 Rb8 16. Bd5 Bb7 17. Rac1 c4 18. e4 Rh5 19. f4 Nd3 20. Bxb7 Rxb7 21. e5 Ng4 22. Nd5+ Kd8 23. Ne6+ Kc8 24. Rxd3 Rxf7 25. Nb4 Bxb4 26. Rd8+ Kb7 27. h3 Ne3 28. Kf2 Re7 29. Kxe3 Rxe6 30. Rd7+ Kc6 31. Rxg7 Bf8 32. Rf7 Bc5+ 33. Ke4 Rg6 34. Kf3 Rh8 35. Rd1 Rhg8 36. g4 Rh6 37. Rf6+ Rxf6 38. exf6 Rh8 39. Rh1 Bd4 40. g5 Bxb2 41. Kg4 c3 42. g6 c2 43. g7 Rg8 44. Kf5 Ba3 45. Kg6 c1=Q 46. Rxc1+ Bxc1 47. f7 Rxg7+ 48. Kxg7 Bb2+ 49. Kg8 Ba3 50. h4 Kd5 51. h5 Ke6 52. h6 1-0

[Event "Rethink the Cool Flex"]
[Site "Vancouver CAN"]
[Date "2005.08.22"]
[Round "4"]
[White "Pechisker, Alfred"]
[Black "Kostin, Andrey"]
[Result "1-0"]
[WhiteElo "2252"]
[BlackElo "1922"]
[PlyCount "69"]
[GameId "2160767910967839"]
[EventDate "2005.07.01"]
[EventType "tourn"]
[EventRounds "8"]
[EventCountry "CAN"]

1. d4 d5 2. c4 e6 3. Nf3 c6 4. Nc3 Nf6 5. Bg5 h6 6. Bh4 dxc4 7. e4 g5 8. Bg3 b5 9. Be5 Nbd7 10. d5 exd5 11. exd5 Qe7 12. Qe2 Nxe5 13. Nxe5 b4 14. Nxc6 Qxe2+ 15. Nxe2 Bc5 16. Ned4 Bxd4 17. Nxd4 Nxd5 18. Bxc4 Nc7 19. Rc1 O-O 20. f3 Ne6 21. Nc6 Nf4 22. Kf2 a5 23. g3 Ng6 24. Rhe1 Bb7 25. Ne7+ Nxe7 26. Rxe7 Ba6 27. Bd5 Rad8 28. Rc5 a4 29. Ke3 Rd6 30. Ke4 Rfd8 31. Ke5 Be2 32. Bxf7+ Kf8 33. Rcc7 Bxf3 34. Be6 Bh5 35. Rh7 1-0

[Event "Rethink the Cool Flex"]
[Site "Vancouver CAN"]
[Date "2005.08.24"]
[Round "5"]
[White "Kostin, Andrey"]
[Black "Pechisker, Alfred"]
[Result "1/2-1/2"]
[WhiteElo "1922"]
[BlackElo "2252"]
[PlyCount "108"]
[GameId "2160767910967840"]
[EventDate "2005.07.01"]
[EventType "tourn"]
[EventRounds "8"]
[EventCountry "CAN"]

1. e4 d6 2. d4 g6 3. Nc3 Bg7 4. Be3 Nd7 5. Qd2 e5 6. d5 f5 7. f3 f4 8. Bf2 Ngf6 9. g3 g5 10. O-O-O Nf8 11. gxf4 gxf4 12. Bh3 Ng6 13. Bxc8 Qxc8 14. Nge2 a6 15. h4 Nh5 16. Rdg1 Bf6 17. Rg4 Qd7 18. Qe1 Kf7 19. Ng1 Ne7 20. Nh3 h6 21. Kb1 Rag8 22. Rhg1 Rg6 23. Qf1 Rhg8 24. Qg2 Ng3 25. Rxg6 Rxg6 26. Qh2 Nh5 27. Ng5+ hxg5 28. hxg5 Bxg5 29. Qxh5 Bf6 30. Rxg6 Nxg6 31. Qh7+ Bg7 32. Kc1 Qc8 33. Kd2 Qh8 34. Qxh8 Bxh8 35. Ke2 Bf6 36. Kf1 Ke7 37. Nd1 b5 38. Kg2 Nh4+ 39. Bxh4 Bxh4 40. b3 b4 41. Kf1 Kd7 42. Ke2 c6 43. c4 bxc3 44. Nxc3 Bd8 45. Kd3 Ba5 46. dxc6+ Kxc6 47. Nd5 Kb5 48. a3 Be1 49. Nc7+ Kb6 50. Ne8 Kc6 51. Kc4 a5 52. Nf6 Bd2 53. Nd5 Be1 54. a4 Bd2 1/2-1/2

[Event "Robert Pilon"]
[Site "Gatineau CAN"]
[Date "2005.10.25"]
[Round "1"]
[White "Beland, Guy"]
[Black "Gagnon, Fabien"]
[Result "0-1"]
[WhiteElo "1479"]
[BlackElo "2056"]
[PlyCount "72"]
[GameId "2160767910834294"]
[EventDate "2005.10.25"]
[EventType "swiss"]
[EventRounds "5"]
[EventCountry "CAN"]

1. e4 g6 2. Nf3 Bg7 3. d4 d6 4. Bd3 Bg4 5. c3 Nd7 6. Nbd2 c5 7. h3 Bxf3 8. Nxf3 cxd4 9. cxd4 Qb6 10. Be3 Qxb2 11. O-O Qa3 12. Qc2 Ngf6 13. Rab1 O-O 14. Rb3 Qa5 15. Rfb1 Rfc8 16. Qe2 Qd8 17. Rxb7 Nb6 18. d5 Nfd7 19. Nd4 Bxd4 20. Bxd4 Nc5 21. Bxc5 Rxc5 22. Rf1 Rc7 23. Ba6 Na4 24. Rxc7 Qxc7 25. Bd3 Rb8 26. Qc2 Qxc2 27. Bxc2 Nc3 28. Bb3 a5 29. f4 a4 30. Bc4 Rb4 31. Bd3 Nxa2 32. Rb1 Rxb1+ 33. Bxb1 Nc3 34. Bd3 a3 35. Bc4 Nxe4 36. Kf1 Nd2+ 0-1

[Event "Robert Pilon"]
[Site "Gatineau CAN"]
[Date "2005.11.01"]
[Round "3"]
[White "Lacourse, Guy"]
[Black "Gagnon, Fabien"]
[Result "0-1"]
[WhiteElo "1770"]
[BlackElo "2056"]
[PlyCount "66"]
[GameId "2160767910834295"]
[EventDate "2005.10.25"]
[EventType "swiss"]
[EventRounds "5"]
[EventCountry "CAN"]

1. d4 g6 2. c4 Bg7 3. Nf3 d6 4. g3 Nf6 5. Nc3 O-O 6. Bg2 Nbd7 7. O-O c6 8. b3 e5 9. dxe5 dxe5 10. Qc2 Re8 11. e4 Nf8 12. Rd1 Qa5 13. a4 Bg4 14. b4 Qxb4 15. Rb1 Qxc4 16. Bf1 Qe6 17. Ng5 Bxd1 18. Nxd1 Qd7 19. Bh3 Qc7 20. Nc3 a6 21. Qb3 h6 22. Nf3 b5 23. axb5 axb5 24. Be3 Qe7 25. Nd2 Ra3 26. Qc2 Ne6 27. Nb3 Nd7 28. Rb2 Ra6 29. Bxe6 Qxe6 30. Nc5 Nxc5 31. Bxc5 Qc4 32. Ne2 Qxc2 33. Rxc2 Bf8 0-1

[Event "Robin Girard mem."]
[Site "Quebec CAN"]
[Date "2005.09.02"]
[Round "1"]
[White "Blais, Georges"]
[Black "Auger, Bertrand"]
[Result "1/2-1/2"]
[WhiteElo "1519"]
[BlackElo "1980"]
[PlyCount "97"]
[GameId "2160767739706450"]
[EventDate "2005.09.02"]
[EventType "swiss"]
[EventRounds "5"]
[EventCountry "CAN"]
[TimeControl "30/90:0"]

1. d4 e6 2. e3 Nf6 3. Nf3 b6 4. Bd3 Bb7 5. Nbd2 d5 6. c3 Be7 7. Qe2 O-O 8. O-O Ne4 9. Bc2 c5 10. Ne5 f6 11. Nd3 Nd7 12. Nf4 Ng5 13. e4 Bd6 14. Qg4 Bxf4 15. Qxf4 e5 16. dxe5 fxe5 17. Qe3 d4 18. Qg3 Kh8 19. f3 Ba6 20. Rd1 Ne6 21. Nf1 c4 22. cxd4 exd4 23. Qd6 Ndc5 24. Qe5 Qf6 25. Qxf6 gxf6 26. Ng3 d3 27. Bb1 Nd4 28. Bd2 Rfd8 29. Bc3 Nce6 30. Kf2 Kg7 31. Ke3 Kf7 32. a4 Nb3 33. Ra3 Ned4 34. Bxd4 Nxd4 35. Rc3 Rac8 36. Ba2 Nc2+ 37. Kd2 Nb4 38. Bb1 Rc5 39. Nf5 Bc8 40. Ne3 Be6 41. g4 Rd7 42. Ng2 Kg7 43. Nf4 Bf7 44. Ke3 a6 45. Rd2 b5 46. Nxd3 Nxd3 47. Bxd3 b4 48. Rc1 Rb7 49. Be2 1/2-1/2

[Event "Robin Girard mem."]
[Site "Quebec CAN"]
[Date "2005.09.02"]
[Round "2"]
[White "Lessard, Claude"]
[Black "Bourassa, Andre"]
[Result "1-0"]
[WhiteElo "2023"]
[BlackElo "1628"]
[PlyCount "67"]
[GameId "2160767910900534"]
[EventDate "2005.09.02"]
[EventType "swiss"]
[EventRounds "5"]
[EventCountry "CAN"]

1. d4 d5 2. c4 e6 3. Nf3 Nf6 4. g3 c6 5. cxd5 exd5 6. Bg2 Bf5 7. O-O Bd6 8. Nh4 Bg6 9. f4 Be4 10. Bxe4 Nxe4 11. Nc3 O-O 12. Nxe4 dxe4 13. f5 Nd7 14. f6 Nxf6 15. Bg5 Be7 16. e3 Nd5 17. Bxe7 Qxe7 18. Nf5 Qg5 19. h4 Qg6 20. Rf4 h5 21. Kh2 Rae8 22. Rf2 Qg4 23. Qb3 b6 24. Raf1 Re6 25. Qa3 a5 26. Nd6 g5 27. Nxf7 Rxf7 28. Rxf7 Nb4 29. d5 Rg6 30. Qc3 Qc8 31. dxc6 gxh4 32. Rf8+ Qxf8 33. Rxf8+ Kxf8 34. c7 1-0

[Event "Robin Girard mem."]
[Site "Quebec CAN"]
[Date "2005.09.03"]
[Round "3"]
[White "Bourassa, Andre"]
[Black "Pelletier, Jacques"]
[Result "1-0"]
[WhiteElo "1628"]
[BlackElo "1479"]
[PlyCount "85"]
[GameId "2160767910900535"]
[EventDate "2005.09.02"]
[EventType "swiss"]
[EventRounds "5"]
[EventCountry "CAN"]

1. d4 e5 2. dxe5 Nc6 3. Nf3 Qe7 4. Qd5 f6 5. exf6 Nxf6 6. Qb3 d5 7. c3 Bd7 8. Nbd2 O-O-O 9. Qc2 h6 10. Nb3 Ne4 11. Be3 Kb8 12. O-O-O Bf5 13. Nbd4 Nxd4 14. Nxd4 Bh7 15. Qb3 Qd7 16. f3 Nc5 17. Qb5 c6 18. Bf4+ Ka8 19. Nxc6 bxc6 20. Qa5 Bd6 21. Bxd6 Qxd6 22. Rd4 Nb7 23. Qa6 c5 24. Qxd6 Rxd6 25. Rd2 Rhd8 26. g3 d4 27. cxd4 Rxd4 28. Rxd4 Rxd4 29. e3 Rd6 30. Be2 Bd3 31. Bxd3 Rxd3 32. Re1 Kb8 33. Kc2 Rd7 34. e4 Kc7 35. f4 Kd8 36. Re3 Kc7 37. e5 Nd8 38. e6 Re7 39. f5 Nxe6 40. fxe6 Kd6 41. Kc3 a6 42. Kc4 Kc6 43. Ra3 1-0

[Event "Robin Girard mem."]
[Site "Quebec CAN"]
[Date "2005.09.03"]
[Round "4"]
[White "Boudreau, Daniel"]
[Black "Bourassa, Andre"]
[Result "1-0"]
[WhiteElo "1994"]
[BlackElo "1628"]
[PlyCount "68"]
[GameId "2160767910900536"]
[EventDate "2005.09.02"]
[EventType "swiss"]
[EventRounds "5"]
[EventCountry "CAN"]

1. e4 c5 2. Nc3 d6 3. g3 e5 4. Bg2 Nf6 5. Nge2 Nc6 6. d3 Be7 7. O-O O-O 8. f4 Bg4 9. h3 Bh5 10. g4 Bxg4 11. hxg4 Nxg4 12. Ng3 Nf6 13. Nf5 exf4 14. Bxf4 a6 15. Bg5 Nd7 16. Nxe7+ Nxe7 17. Qg4 Ne5 18. Qg3 Qd7 19. Bh3 Qc7 20. Bxe7 Qxe7 21. Nd5 Qd8 22. Rf2 Ng6 23. Raf1 Qh4 24. Qxh4 Nxh4 25. Ne7+ Kh8 26. Rxf7 Rxf7 27. Rxf7 b5 28. Kf2 Ng6 29. Nxg6+ hxg6 30. Kg3 a5 31. Be6 Kh7 32. Kg4 Kh6 33. Rf4 g5 34. Rf1 g6 1-0

[Event "Robin Girard mem."]
[Site "Quebec CAN"]
[Date "2005.09.04"]
[Round "5"]
[White "Bourassa, Andre"]
[Black "Verreault, Richard"]
[Result "1-0"]
[WhiteElo "1628"]
[BlackElo "1464"]
[PlyCount "37"]
[GameId "2160767910900537"]
[EventDate "2005.09.02"]
[EventType "swiss"]
[EventRounds "5"]
[EventCountry "CAN"]

1. d4 Nf6 2. c4 d5 3. cxd5 Nxd5 4. e4 Nf6 5. Nc3 e6 6. Nf3 Be7 7. Bd3 O-O 8. e5 Nd5 9. O-O f6 10. Qc2 f5 11. a3 a6 12. Bd2 b5 13. Nxd5 Qxd5 14. Qxc7 Nd7 15. Rfc1 Bb7 16. Qc2 g5 17. Bc3 g4 18. Ne1 Qxg2+ 19. Nxg2 1-0

[Event "Rodgers mem"]
[Site "Ottawa CAN"]
[Date "2005.09.15"]
[Round "1"]
[White "Pacey, Kevin"]
[Black "Szalay, Karoly"]
[Result "0-1"]
[WhiteElo "2264"]
[BlackElo "1873"]
[PlyCount "72"]
[GameId "2160767910900203"]
[EventDate "2005.09.15"]
[EventType "swiss"]
[EventRounds "6"]
[EventCountry "CAN"]

1. Nf3 Nf6 2. c4 c5 3. Nc3 Nc6 4. g3 g6 5. Bg2 Bg7 6. O-O e5 7. d3 O-O 8. Ne1 d6 9. Nc2 Ne8 10. Ne3 Be6 11. Ned5 f5 12. f4 Rb8 13. Be3 Nc7 14. Qd2 a6 15. fxe5 Nxe5 16. Bg5 Qd7 17. Nb6 Qe8 18. Rab1 Nc6 19. Ncd5 Bxd5 20. Nxd5 Ne6 21. Be3 b5 22. b3 b4 23. Kh1 Ned4 24. Rbe1 Qd7 25. Bg1 Rbe8 26. e3 Ne6 27. e4 Ned4 28. exf5 Nxf5 29. Rxe8 Rxe8 30. Be4 Nxg3+ 31. hxg3 Qh3+ 32. Qh2 Qxf1 33. Nc7 Rxe4 34. dxe4 Bd4 35. Nxa6 Ne5 36. Qg2 Qd1 0-1

[Event "Rodgers mem"]
[Site "Ottawa CAN"]
[Date "2005.09.22"]
[Round "2"]
[White "Kosmin, Walter"]
[Black "Pacey, Kevin"]
[Result "0-1"]
[WhiteElo "1665"]
[BlackElo "2264"]
[PlyCount "130"]
[GameId "2160767910900204"]
[EventDate "2005.09.15"]
[EventType "swiss"]
[EventRounds "6"]
[EventCountry "CAN"]

1. b4 e5 2. Bb2 Bxb4 3. Bxe5 Nf6 4. Nf3 O-O 5. e3 d5 6. Be2 Re8 7. O-O Bf8 8. d3 c5 9. Bxb8 Rxb8 10. Nbd2 Bd6 11. h3 h6 12. c4 Be6 13. Qc2 Qe7 14. Rfd1 Rbc8 15. Rab1 Red8 16. Nh2 Bb8 17. Nhf1 dxc4 18. dxc4 Ne8 19. Nf3 Rxd1 20. Rxd1 Rd8 21. Rc1 Nd6 22. N3d2 Nf5 23. Bg4 Qd7 24. Ne4 Qc8 25. Ned2 Re8 26. Nf3 g6 27. Qc3 h5 28. Bxf5 Bxf5 29. N3h2 Be5 30. Qb3 Rd8 31. Rd1 Rxd1 32. Qxd1 Qd7 33. Qb3 b6 34. Nf3 Bf6 35. N1d2 Qd3 36. Qxd3 Bxd3 37. g4 a6 38. g5 Bc3 39. Kg2 b5 40. Kg3 bxc4 41. Kf4 Bb2 42. Ne1 Be2 43. Ne4 c3 44. Nxc5 a5 45. Ke4 a4 46. Nxa4 Bd1 47. Nc5 c2 48. Nxc2 Bxc2+ 49. Kf4 Ba3 50. Ne4 Bxe4 51. Kxe4 Kf8 52. Kd5 Ke7 53. Kc4 Ke6 54. Kb3 Be7 55. a4 Kd5 56. a5 Bxg5 57. Ka4 Kc6 58. Kb4 Bh4 59. f3 Bf2 60. e4 Kd6 61. f4 Be3 62. a6 Kc6 63. f5 gxf5 64. exf5 Kd5 65. Kb5 Ke5 0-1

[Event "Rodgers mem"]
[Site "Ottawa CAN"]
[Date "2005.09.29"]
[Round "3"]
[White "Pacey, Kevin"]
[Black "Brown, Gabriel"]
[Result "1/2-1/2"]
[WhiteElo "2264"]
[BlackElo "1756"]
[PlyCount "60"]
[GameId "2160767910900205"]
[EventDate "2005.09.15"]
[EventType "swiss"]
[EventRounds "6"]
[EventCountry "CAN"]

1. e4 c5 2. c3 d6 3. d4 cxd4 4. cxd4 Nf6 5. Nc3 g6 6. Nf3 Bg7 7. h3 O-O 8. Be2 a6 9. a4 e6 10. O-O h6 11. d5 exd5 12. exd5 Nbd7 13. Bf4 Nc5 14. Nd2 Re8 15. Nc4 Nfe4 16. Nxe4 Rxe4 17. Be3 g5 18. Rc1 Nxa4 19. Qxa4 b5 20. Qa5 Qe7 21. Nb6 Bxh3 22. Qd2 Bxg2 23. Kxg2 Rb8 24. Nc8 Qd7 25. Na7 Rg4+ 26. Bxg4 Qxg4+ 27. Kh2 Qh4+ 28. Kg2 Qg4+ 29. Kh2 Qh4+ 30. Kg2 Qg4+ 1/2-1/2

[Event "Rodgers mem"]
[Site "Ottawa CAN"]
[Date "2005.10.06"]
[Round "4"]
[White "Odivwri, Sam"]
[Black "Pacey, Kevin"]
[Result "0-1"]
[WhiteElo "1769"]
[BlackElo "2264"]
[PlyCount "55"]
[GameId "2160767910900206"]
[EventDate "2005.09.15"]
[EventType "swiss"]
[EventRounds "6"]
[EventCountry "CAN"]

1. e4 e6 2. Nf3 d5 3. e5 c5 4. g3 Nc6 5. Bg2 Qc7 6. Qe2 Nge7 7. O-O Nf5 8. c3 h5 9. Bh3 Be7 10. d3 Bd7 11. Re1 O-O-O 12. Bf4 Nh6 13. b4 cxb4 14. cxb4 Bxb4 15. Rc1 Kb8 16. a3 Ba5 17. Nc3 Bxc3 18. Rxc3 Nd4 19. Nxd4 Qxc3 20. Nc2 Bb5 21. Rd1 Rc8 22. Nb4 Qxa3 23. Nxd5 Rhd8 24. Bg2 exd5 25. e6+ Ka8 26. Qe5 fxe6 27. Ra1 Qc3 28. Be3 0-1

[Event "Rodgers mem"]
[Site "Ottawa CAN"]
[Date "2005.10.13"]
[Round "5"]
[White "Pacey, Kevin"]
[Black "Nezirovic, Ozren"]
[Result "1/2-1/2"]
[WhiteElo "2264"]
[BlackElo "2098"]
[PlyCount "53"]
[GameId "2160767910900207"]
[EventDate "2005.09.15"]
[EventType "swiss"]
[EventRounds "6"]
[EventCountry "CAN"]

1. b3 e5 2. Bb2 Nc6 3. e3 Nf6 4. Bb5 Bd6 5. Na3 a6 6. Bxc6 dxc6 7. Nc4 Qe7 8. d4 e4 9. Ne2 O-O 10. h3 Be6 11. Nxd6 cxd6 12. Nf4 Nd5 13. Nxd5 Bxd5 14. c4 Be6 15. d5 cxd5 16. Qd4 f6 17. cxd5 Bf7 18. g4 Rac8 19. g5 Bh5 20. gxf6 Rxf6 21. Rg1 Rf7 22. Rc1 Rcf8 23. Rc4 Bg6 24. Rc2 Bh5 25. Rc4 Bg6 26. Rc2 Bh5 27. Rc4 1/2-1/2

[Event "Rodgers mem"]
[Site "Ottawa CAN"]
[Date "2005.10.20"]
[Round "6"]
[White "Gelblum, Robert"]
[Black "Pacey, Kevin"]
[Result "1/2-1/2"]
[WhiteElo "2122"]
[BlackElo "2264"]
[PlyCount "113"]
[GameId "2160767910900208"]
[EventDate "2005.09.15"]
[EventType "swiss"]
[EventRounds "6"]
[EventCountry "CAN"]

1. e4 e6 2. d4 d5 3. Nc3 Bb4 4. e5 c5 5. a3 Bxc3+ 6. bxc3 Ne7 7. Qg4 Qc7 8. Qxg7 Rg8 9. Qxh7 cxd4 10. Ne2 dxc3 11. f4 b6 12. Ng3 Qc5 13. Nh5 Rf8 14. Nf6+ Kd8 15. g4 Nd7 16. h4 Bb7 17. Bg2 Ba6 18. h5 Qd4 19. Qg7 Qa4 20. h6 Qxc2 21. Bf1 Bxf1 22. Rxf1 Kc7 23. Rf2 Qd3 24. Raa2 d4 25. Rac2 Nxf6 26. exf6 Nd5 27. h7 Qe4+ 28. Rce2 Qh1+ 29. Rf1 Qh4+ 30. Kd1 d3 31. Rxe6 d2 32. Re5 Qxf6 33. Qxf6 Nxf6 34. g5 Nxh7 35. Bxd2 Rfd8 36. Re7+ Kc6 37. Rf2 cxd2 38. Rxf7 Rd7 39. Rxd7 Kxd7 40. Kxd2 Re8 41. Rh2 Re7 42. Rh6 Ke8 43. Kd3 Kf8 44. Kd4 Kg7 45. Kd5 Re3 46. a4 Rg3 47. Rc6 Rd3+ 48. Ke6 Nf8+ 49. Ke5 Nd7+ 50. Kf5 Rd5+ 51. Ke6 Rd4 52. Rc7 Rxf4 53. Rxd7+ Kg6 54. Rxa7 Kxg5 55. Kd5 Rb4 56. Kc6 Kf6 57. Ra6 1/2-1/2

[Event "Saint John"]
[Site "Saint John CAN"]
[Date "2005.11.18"]
[Round "1"]
[White "Doucette, Raymond"]
[Black "Bogle, Bill"]
[Result "0-1"]
[WhiteElo "1708"]
[BlackElo "2152"]
[PlyCount "74"]
[GameId "2160767910838233"]
[EventDate "2005.11.18"]
[EventType "tourn"]
[EventRounds "5"]
[EventCountry "CAN"]
[SourceTitle "EXT 2022"]
[Source "ChessBase"]
[SourceDate "2021.10.06"]
[SourceVersion "1"]
[SourceVersionDate "2021.10.06"]
[SourceQuality "1"]

1. d4 d6 2. Bf4 e6 3. Nf3 f5 4. Nbd2 Nf6 5. e3 Be7 6. h3 b6 7. Be2 Bb7 8. Ng5 Qd7 9. Bf3 Nc6 10. c3 h6 11. Bxc6 Bxc6 12. Ngf3 g5 13. Bg3 O-O-O 14. Qe2 Nh5 15. Qa6+ Kb8 16. a4 Nxg3 17. fxg3 g4 18. hxg4 fxg4 19. Nh4 Bg5 20. Nc4 Qh7 21. Rd1 Rhf8 22. a5 Bb7 23. Qb5 a6 24. Qb3 b5 25. Nd2 Bxe3 26. c4 Bxd4 27. Rf1 Rxf1+ 28. Kxf1 Rf8+ 29. Nhf3 gxf3 30. gxf3 Qf5 31. g4 Qxg4 32. cxb5 Bxf3 33. bxa6+ Bb7+ 34. Ke1 Bf2+ 35. Kf1 Bh4+ 36. Nf3 Rxf3+ 37. Qxf3 Qxf3+ 0-1

[Event "Saint John"]
[Site "Saint John CAN"]
[Date "2005.11.18"]
[Round "1"]
[White "Hensel, George"]
[Black "Davis, Neil"]
[Result "1/2-1/2"]
[WhiteElo "1651"]
[BlackElo "1956"]
[PlyCount "97"]
[GameId "2160767910838234"]
[EventDate "2005.11.18"]
[EventType "tourn"]
[EventRounds "5"]
[EventCountry "CAN"]
[SourceTitle "EXT 2022"]
[Source "ChessBase"]
[SourceDate "2021.10.06"]
[SourceVersion "1"]
[SourceVersionDate "2021.10.06"]
[SourceQuality "1"]

1. d4 Nf6 2. c4 e5 3. dxe5 Ng4 4. Nf3 Nc6 5. Bg5 Be7 6. Bf4 Bb4+ 7. Nbd2 Qe7 8. a3 Bxd2+ 9. Qxd2 Ngxe5 10. Nxe5 Nxe5 11. e3 d6 12. Be2 Be6 13. Bxe5 dxe5 14. Qc3 Bf5 15. Rd1 Be4 16. O-O O-O 17. f3 Bc6 18. f4 Rae8 19. Bf3 exf4 20. Bxc6 fxe3 21. Bxe8 e2 22. Bxf7+ Qxf7 23. Qe1 exf1=Q+ 24. Qxf1 Qxf1+ 25. Rxf1 Rxf1+ 26. Kxf1 Kf7 27. Ke2 Ke6 28. Ke3 Ke5 29. b4 h6 30. g4 g6 31. h4 a6 32. a4 b6 33. c5 bxc5 34. bxc5 Kd5 35. Kf4 Kxc5 36. g5 h5 37. Ke5 Kb4 38. Kf6 c5 39. Kxg6 c4 40. Kxh5 c3 41. g6 c2 42. g7 c1=Q 43. g8=Q Kxa4 44. Qg4+ Ka3 45. Qg3+ Ka2 46. Qg8+ Ka3 47. Qg3+ Kb4 48. Qg4+ Ka3 49. Qg3+ 1/2-1/2

[Event "Saint John"]
[Site "Saint John CAN"]
[Date "2005.11.18"]
[Round "1"]
[White "MacDonald, Jonathan"]
[Black "Dougherty, Michael"]
[Result "1-0"]
[WhiteElo "2059"]
[BlackElo "1838"]
[PlyCount "51"]
[GameId "2160767910838235"]
[EventDate "2005.11.18"]
[EventType "tourn"]
[EventRounds "5"]
[EventCountry "CAN"]
[SourceTitle "EXT 2022"]
[Source "ChessBase"]
[SourceDate "2021.10.06"]
[SourceVersion "1"]
[SourceVersionDate "2021.10.06"]
[SourceQuality "1"]

1. e4 d5 2. exd5 Nf6 3. c4 c6 4. d4 cxd5 5. Nc3 Nc6 6. Nf3 Bg4 7. Be2 e6 8. cxd5 Nxd5 9. O-O Be7 10. Re1 O-O 11. Ne4 Rc8 12. a3 Qb6 13. Nc3 Rfd8 14. Na4 Qc7 15. Be3 Bd6 16. h3 Bh5 17. Nc3 Nce7 18. Bd2 a6 19. Rc1 Qd7 20. Ng5 Bxe2 21. Qxe2 h6 22. Nge4 Bb8 23. Qh5 f5 24. Nc5 Rxc5 25. dxc5 Nf6 26. Qe2 1-0

[Event "Saint John"]
[Site "Saint John CAN"]
[Date "2005.11.19"]
[Round "2"]
[White "Davis, Neil"]
[Black "Doucette, Raymond"]
[Result "1-0"]
[WhiteElo "1956"]
[BlackElo "1708"]
[PlyCount "57"]
[GameId "2160767910838236"]
[EventDate "2005.11.18"]
[EventType "tourn"]
[EventRounds "5"]
[EventCountry "CAN"]
[SourceTitle "EXT 2022"]
[Source "ChessBase"]
[SourceDate "2021.10.06"]
[SourceVersion "1"]
[SourceVersionDate "2021.10.06"]
[SourceQuality "1"]

1. e4 e6 2. Nf3 c5 3. b3 d6 4. Bb2 Nd7 5. d4 cxd4 6. Bxd4 e5 7. Be3 Ngf6 8. Nbd2 b6 9. b4 Be7 10. Bd3 Ng4 11. Qe2 d5 12. exd5 Bxb4 13. O-O Ndf6 14. c4 O-O 15. Bg5 h6 16. Bxf6 Qxf6 17. h3 Bxd2 18. Nxd2 Qh4 19. hxg4 Bxg4 20. Qxe5 Rae8 21. Qg3 Qh5 22. Nf3 f5 23. Nh2 Be2 24. Bxe2 Qxe2 25. Qc3 Qh5 26. Rae1 Rc8 27. Re7 Rf6 28. d6 Kh7 29. Qxf6 1-0

[Event "Saint John"]
[Site "Saint John CAN"]
[Date "2005.11.19"]
[Round "2"]
[White "Dougherty, Michael"]
[Black "Bogle, Bill"]
[Result "1/2-1/2"]
[WhiteElo "1838"]
[BlackElo "2152"]
[PlyCount "70"]
[GameId "2160767910838237"]
[EventDate "2005.11.18"]
[EventType "tourn"]
[EventRounds "5"]
[EventCountry "CAN"]
[SourceTitle "EXT 2022"]
[Source "ChessBase"]
[SourceDate "2021.10.06"]
[SourceVersion "1"]
[SourceVersionDate "2021.10.06"]
[SourceQuality "1"]

1. d4 d6 2. Nf3 Nf6 3. g3 g6 4. Bg2 Bg7 5. O-O O-O 6. c4 Nbd7 7. Nc3 e5 8. dxe5 dxe5 9. Qc2 Re8 10. Rd1 c6 11. b3 Qa5 12. Rb1 e4 13. Nd4 Qe5 14. Bf4 Qe7 15. b4 Nb6 16. c5 Nc4 17. Qb3 Be6 18. Nxe6 Qxe6 19. Rd4 b5 20. Nxe4 Nd5 21. Rdd1 a5 22. a4 bxa4 23. Qxc4 Nxf4 24. Qxe6 Nxe6 25. Nd6 Red8 26. Bxc6 Rab8 27. Bxa4 axb4 28. c6 Bf8 29. Nb5 Rdc8 30. Na7 Rc7 31. Rd7 Rxd7 32. cxd7 Ra8 33. Nc6 Rxa4 34. d8=Q Nxd8 35. Nxd8 Ra6 1/2-1/2

[Event "Saint John"]
[Site "Saint John CAN"]
[Date "2005.11.19"]
[Round "2"]
[White "MacDonald, Jonathan"]
[Black "Hensel, George"]
[Result "1-0"]
[WhiteElo "2059"]
[BlackElo "1651"]
[PlyCount "59"]
[GameId "2160767910838238"]
[EventDate "2005.11.18"]
[EventType "tourn"]
[EventRounds "5"]
[EventCountry "CAN"]
[SourceTitle "EXT 2022"]
[Source "ChessBase"]
[SourceDate "2021.10.06"]
[SourceVersion "1"]
[SourceVersionDate "2021.10.06"]
[SourceQuality "1"]

1. e4 c5 2. Nf3 d6 3. d4 cxd4 4. Nxd4 Nf6 5. Nc3 a6 6. Bc4 Nc6 7. Nxc6 bxc6 8. e5 Ng4 9. e6 f5 10. Qf3 Qb6 11. Qxf5 Ne5 12. Bb3 g6 13. Qe4 Bg7 14. Be3 Qc7 15. Qh4 d5 16. f4 Nc4 17. Bxc4 Bxc3+ 18. bxc3 dxc4 19. Bd4 Rf8 20. Qxh7 Bxe6 21. Qxg6+ Bf7 22. Qh6 Bd5 23. O-O Rg8 24. Qh5+ Kd8 25. g3 Qd7 26. Rab1 Be6 27. f5 Qd5 28. Qh7 Bf7 29. Rbd1 Kc8 30. Bf2 1-0

[Event "Saint John"]
[Site "Saint John CAN"]
[Date "2005.11.19"]
[Round "3"]
[White "Bogle, Bill"]
[Black "Davis, Neil"]
[Result "1-0"]
[WhiteElo "2152"]
[BlackElo "1956"]
[PlyCount "45"]
[GameId "2160767910838239"]
[EventDate "2005.11.18"]
[EventType "tourn"]
[EventRounds "5"]
[EventCountry "CAN"]
[SourceTitle "EXT 2022"]
[Source "ChessBase"]
[SourceDate "2021.10.06"]
[SourceVersion "1"]
[SourceVersionDate "2021.10.06"]
[SourceQuality "1"]

1. d4 f5 2. Bg5 Nf6 3. Nc3 d5 4. Bxf6 exf6 5. e3 Bb4 6. Bd3 Qd6 7. Qf3 g6 8. Nge2 c6 9. h4 Qf8 10. h5 Na6 11. hxg6 hxg6 12. O-O-O Bd6 13. Rxh8 Qxh8 14. Bxa6 bxa6 15. Nxd5 g5 16. Nxf6+ Ke7 17. Qxc6 Be6 18. Nd5+ Bxd5 19. Qxd5 Rb8 20. Qxf5 Rb5 21. Qe4+ Kd7 22. Nc3 Ra5 23. g3 1-0